000 00486nam a2200193 a 4500
001 1594
003 CO-ViMGA
008 141112s2004 ck r 000 u spa d
040 _aCO-ViMGA
_bspa
_cCO-ViMGA
082 0 4 _a372.6 M471
100 1 _aMiranda, Patricia
_950016
245 1 0 _aTalento :
_blecto escritura
250 _a2a
260 _aSantafé de Bogotá :
_bVoluntad,
_c1995
300 _a223 p : il
650 1 4 _aeducación PRIMARIA
650 1 4 _aESPAÑOL
942 _2ddc
_cBK
999 _c13772
_d13772